000 00343 a2200157 4500
001 56700
020 _a
040 _cAnchieta - Pituba
100 _aMorais, Célia Franco
240 1 0 _aNa floresta dos duendes
_lpor
245 1 0 _aNa floresta dos duendes
300 _a103
362 0 _a1992
650 4 _aLiteratura juvenil
942 _cBK
999 _c56700
_d56700